000 00180nam a2200085Ia 4500
008 170620s9999 xx 000 0 und d
100 _aAIR
245 0 _aAll India Reporter
260 _b"Nagpur
260 _c AIR"
999 _c29546
_d29546